Largest Cities in North America Beginning With 'M' - Statistics

General Stats
  • This quiz has been taken 205 times
  • The average score is 12 of 22
Answer Stats
# Population Country Answer % Correct
1 24,900,000 Mexico Mexico City
100%
4 4,375,000 Canada Montréal
95%
2 6,450,000 United States Miami
93%
5 3,300,000 United States Minneapolis
92%
3 5,850,000 Mexico Monterrey
92%
7 1,370,000 Nicaragua Managua
89%
6 1,520,000 United States Milwaukee
78%
11 1,150,000 United States Memphis
77%
22 254,348 United States Montgomery
62%
8 1,320,000 Mexico Mérida
58%
17 450,305 United States Madison
57%
20 321,907 United States Mobile
48%
19 357,301 United States Modesto
47%
13 854,186 Mexico Mexicali
40%
10 1,240,000 United States McAllen
36%
9 1,260,000 United States Melbourne
31%
12 1,020,000 Mexico Morelia
23%
15 510,739 Mexico Matamoros
17%
16 504,803 United States McKinney - Frisco
13%
18 441,975 Mexico Mazatlán
12%
21 298,954 United States Myrtle Beach - North Myrtle Beach
9%
14 646,843 United States Mission Viejo - Lake Forest
4%
No matching quizzes found
Score Distribution
Percent of People with Each Score
Percentile by Number Answered
Your Score History
You have not taken this quiz